Les Evangiles des Quenouilles (Record no. 53470)

MARC details
000 -LEADER
campo de control de longitud fija 00937nam a2200241 i 4500
001 - NÚMERO DE CONTROL
campo de control 53470
003 - IDENTIFICADOR DE NÚMERO DE CONTROL
campo de control ES-MaACL
005 - FECHA Y HORA DE LA ÚLTIMA TRANSACCIÓN
campo de control 20250927105642.0
007 - CAMPO FIJO DE DESCRIPCIÓN FÍSICA--INFORMACIÓN GENERAL
campo de control de longitud fija t|
008 - DATOS DE LONGITUD FIJA--INFORMACIÓN GENERAL
campo de control de longitud fija 950928s1855 fr ||||1| fre d
040 ## - FUENTE DE CATALOGACIÓN
Centro catalogador/agencia de origen CAM
Lengua de catalogación spa
Centro/agencia transcriptor CAM
245 04 - MENCIÓN DEL TÍTULO
Título Les Evangiles des Quenouilles
Resto del título : nouvelle édition revue sur les éditions anciennes et les manuscrits, avec préface, glossaire et table analytique /
Mención de responsabilidad, etc. [Fouquart de Cambray, Antoine du Val et Jean d'Arras] ; avec préface, glossaire et table analytique par [P.J.].
260 ## - PUBLICACIÓN, DISTRIBUCIÓN, ETC.
Lugar de publicación, distribución, etc. Paris :
Nombre del editor, distribuidor, etc. P. Jannet,
Fecha de publicación, distribución, etc. 1855.
300 ## - DESCRIPCIÓN FÍSICA
Extensión XVI, 168 p. ;
Dimensiones 17 cm.
490 1# - MENCIÓN DE SERIE
Mención de serie Bibliothèque Elzévirienne
700 0# - ENTRADA AGREGADA--NOMBRE PERSONAL
Nombre de persona Jean d'Arras.
9 (RLIN) 66233
700 1# - ENTRADA AGREGADA--NOMBRE PERSONAL
Nombre de persona Du Val, Antoine (
Fechas asociadas al nombre 1520-1600)
9 (RLIN) 165095
700 1# - ENTRADA AGREGADA--NOMBRE PERSONAL
Nombre de persona Fouquart de Cambray.
9 (RLIN) 165096
700 1# - ENTRADA AGREGADA--NOMBRE PERSONAL
Nombre de persona Jannet, Pierre,
Fechas asociadas al nombre 1820-1870
9 (RLIN) 128271
830 0# - PUNTO DE ACCESO ADICIONAL DE SERIE-TÍTULO UNIFORME
Título uniforme Bibliothèque Elzévirienne
9 (RLIN) 180979
852 ## - LOCALIZACIÓN
Ubicación ES-MaACL
Número de control de estantería G-2370
Holdings
Estatus retirado Estado de pérdida Estado de daño No para préstamo Colección Biblioteca de origen Biblioteca actual Ubicación en estantería Fecha de adquisición Fuente de adquisición Total de préstamos Signatura topográfica completa Código de barras Visto por última vez Precio de reemplazo Tipo de ítem Koha
        Libros del s. XIX Biblioteca del Ateneo de Madrid Biblioteca del Ateneo de Madrid Depósito 2 17/01/2008     G-2370 1056185 23/02/2023 23/02/2023 Libro impreso antiguo